| 000 | 01081cam a2200289 a 4500 | ||
|---|---|---|---|
| 001 | 15369255 | ||
| 005 | 20080909154119.0 | ||
| 008 | 080716s2008 caua 001 0 eng | ||
| 010 | _a 2008274673 | ||
| 020 | _a9780321553577 (pbk.) | ||
| 020 | _a0321553578 (pbk.) | ||
| 040 |
_aDLC _cDLC _dDLC |
||
| 050 | 0 | 0 |
_aQA76.73.S67 _bF445 2008 |
| 082 |
_222 _a005.7565 _bFEH |
||
| 100 | 1 |
_aFehily, Chris. _94455 |
|
| 245 | 1 | 0 |
_aVisual Quickstart Guide.SQL / _cChris Fehily. |
| 250 | _a3rd ed. | ||
| 260 |
_aBerkeley, CA : _bPeachpit Press, _cc2008. |
||
| 300 |
_axx, 483 p. : _bill. ; _c23 cm. |
||
| 490 | 0 | _aVisual quickstart guide | |
| 500 | _aIncludes index. | ||
| 650 | 0 |
_aSQL (Computer program language) _94456 |
|
| 856 | 4 | 1 |
_3Table of contents only _uhttp://www.loc.gov/catdir/toc/fy0805/2008274673.html |
| 942 |
_2ddc _cBB |
||
| 999 |
_c11464 _d11464 |
||